Normal view
MARC view
Entry Personal Name
001 - CONTROL NUMBER
- control field: 940835
003 - CONTROL NUMBER IDENTIFIER
- control field: OSt
005 - DATE AND TIME OF LATEST TRANSACTION
- control field: 20260121110012.0
008 - FIXED-LENGTH DATA ELEMENTS
- fixed length control field: 260121|| aca||aabn | a|a d
040 ## - CATALOGING SOURCE
- Original cataloging agency: OSt
- Transcribing agency: OSt
100 ## - HEADING--PERSONAL NAME
- Personal name: हर्षीन शर्मा / Harshine Sharma
670 ## - SOURCE DATA FOUND
- Source citation: Work cat.: (OSt)1532500: हर्षीन शर्मा / Harshine Sharma, कछुए: पशु विज्ञान / Kachhua: pashu vigyaan, 2022
